005060000a2200157000450024500820000065000320008265000150011465000180012965100280014704100130017570000220018870000230021070000200023310000190025377300760027210aNotes on the distribution and natural history of bats in southeastern Montana14aDistribución geográfica14aEcología14aMurciélagos 4dMontanapEstados Unidos0 aInglés1 aLampe, Richard P.1 aSpenrath, Curis A.1 aKunz, Thomas H.1 aJones, J. Knox1 tOccasional Papers: Museum of Texas Tech University3430h15q1-12d1973